Introduction to chemical engineering (Record no. 24682)

MARC details
000 -LEADER
fixed length control field 00434nam a2200157Ia 4500
008 - FIXED-LENGTH DATA ELEMENTS--GENERAL INFORMATION
fixed length control field 230917s9999||||xx |||||||||||||| ||und||
020 ## - ISBN
Price RS870
040 ## - CATALOGING SOURCE
Original cataloging agency VIVEKANANDA LIBRARY
082 ## - DDC NUMBER
Classification number 660 B142I
100 ## - MAIN ENTRY--PERSONAL NAME
Personal name Badger, Walter L
245 #0 - TITLE STATEMENT
Title Introduction to chemical engineering
260 ## - PUBLICATION, DISTRIBUTION, ETC. (IMPRINT)
Place of publication, distribution, etc New Delhi
Name of publisher, distributor, etc McGraw-Hill International
Date of publication, distribution, etc 2016
300 ## - PHYSICAL DESCRIPTION
Pages vii, 753 p.
500 ## - GENERAL NOTE
General note 2943 27/11/2017 HBD17/7108 05/12/2017 UIET (SFS)
942 ## - ADDED ENTRY ELEMENTS (KOHA)
Koha item type Books
Holdings
Withdrawn status Lost status Damaged status Not for loan Location (home branch) Sublocation or collection (holding branch) Shelving location Date acquired Koha issues (times borrowed) Koha full call number Accession No. Koha date last seen Koha item type Source of classification or shelving scheme
        VIVEKANANDA LIBRARY VIVEKANANDA LIBRARY UIET Library 04/01/2018   660 B142I 364383 17/09/2023 Books  
        VIVEKANANDA LIBRARY VIVEKANANDA LIBRARY UIET Library 04/01/2018   660 B142I 364384 17/09/2023 Books  
        VIVEKANANDA LIBRARY VIVEKANANDA LIBRARY Vivekananda Library 24/12/2024   660 B142I 314032 24/12/2024 Books Dewey Decimal Classification
© Designed and Maintained by Vivekananda Library, MDU Rohtak